LEADER 00819nls 2200265 a 450 001 996357748503316 005 20200916100948.0 011 $a0003-5599 100 $a20751027a19549999 uy a 101 0 $aeng 102 $aGB 110 $aaga 0 135 $aur||||||||||| 200 1 $aAnti-corrosion methods and materials 207 0$a1954- 210 $aBradford$cEmerald Group Pub$d1954- 326 $aBimestrale 330 $aSACMM fornisce ricerche pratiche da tutto il mondo sugli ultimi sviluppi riguardanti i materiali e le tecniche impiegate nella prevenzione della corrosione 606 0 $aCorrosione$xPeriodici$2BNCF 676 $a620.11223 801 $aIT$bcba$gREICAT 912 $a996357748503316 959 $aEJ 996 $aAnti-corrosion methods and materials$9800592 997 $aUNISA LEADER 01489nam0 22003373i 450 001 TO01599573 005 20251003044412.0 010 $bNR. STD formalmente errato$z8821724718 100 $a20080222d2007 ||||0itac50 ba 101 | $aita 102 $ait 181 1$6z01$ai $bxxxe 182 1$6z01$an 200 1 $aGuida pratica alla direzione delle PMI$evisione globale e gestione operativa delle piccole e medie imprese$fa cura di CEDEC Centro europeo di evoluzione economica 210 $a[Milanofiori Assago]$cIPSOA$d[2007] 215 $aXVIII, 1048 p.$d24 cm. 606 $aPiccole imprese$xGestione$2FIR$3CFIC003397$9E 606 $aMedie imprese$xGestione$2FIR$3CFIC073114$9I 676 $a658.02$9GESTIONE GENERALE. PICCOLE IMPRESE$v14 676 $a658.022$9GESTIONE DI PICCOLE IMPRESE$v21 676 $a658.022$9GESTIONE DI PICCOLE IMPRESE$v22 712 02$aCentro de estudos de cultura contemporanea$3IEIV075393 791 02$aCEDEC$3IEIV075400$zCentro de estudos de cultura contemporanea 801 3$aIT$bIT-000000$c20080222 850 $aIT-BN0095 901 $bNAP 01$cRCOST $nMateriale bibliografico trasferito come da verbale del 15/07/2009 912 $aTO01599573 950 0$aBiblioteca Centralizzata di Ateneo$b1 v.$d 01RCOST 658.02 GUIPAD$e 0102 0000080075 VMA 1 v.$fY $h20091210$i20091210 977 $a 01 996 $aGuida pratica alla direzione delle PMI$91575259 997 $aUNISANNIO